Osobné obchodné spoločnosti v komparácii slovenského a českého právneho poriadku

Nová česká právna úprava verejnej obchodnej spoločnosti a komanditnej spoločnosti v zmysle zákona č. 90/2012 Sb., o obchodních korporacích, ktorá by mala nadobudnúť účinnosť 1. 1. 2014. Najvýznamnejšie odlišnosti v porovnaní s aktuálnou českou právnou úpravou a slovenskou právnou úpravou podľa zákon...

Description complète

Enregistré dans:
Détails bibliographiques
Auteur principal: Vačoková, Lenka, 1983-
Format: Chapitre de livre
Langue:slovaque
Sujets:
Tags: Ajouter un tag
Pas de tags, Soyez le premier à ajouter un tag!

MARC

LEADER 00000naa a2200000 4500
001 0186954
005 20240502073207.4
041 0 |a slo 
044 |a SK 
245 1 0 |a Osobné obchodné spoločnosti v komparácii slovenského a českého právneho poriadku  |c Lenka Vačoková 
520 |a Nová česká právna úprava verejnej obchodnej spoločnosti a komanditnej spoločnosti v zmysle zákona č. 90/2012 Sb., o obchodních korporacích, ktorá by mala nadobudnúť účinnosť 1. 1. 2014. Najvýznamnejšie odlišnosti v porovnaní s aktuálnou českou právnou úpravou a slovenskou právnou úpravou podľa zákona č. 513/1991 Zb. Obchodného zákonníka v znení neskorších predpisov. 
610 2 0 |a analýza komparatívna 
610 2 0 |a Slovensko 
610 2 0 |a Česko 
610 2 0 |a poriadok právny 
610 2 0 |a spoločnosti obchodné 
610 2 0 |a zákonník obchodný 
100 1 |a Vačoková, Lenka, 1983-